| 000 | 00986cam a22002894a 4500 | ||
|---|---|---|---|
| 001 | 13112317 | ||
| 003 | UOELD | ||
| 005 | 20131219115032.0 | ||
| 008 | 030305s2004 caua b 001 0 eng | ||
| 010 | _a 2003103445 | ||
| 020 | _a0534405185 | ||
| 035 | _a(DLC) 2003103445 | ||
| 040 |
_aDLC _cDLC _dDLC |
||
| 042 | _apcc | ||
| 050 | 0 | 0 |
_aQA39.3 _b.R53 2004 |
| 082 | 0 | 0 |
_a510 _222 |
| 100 | 1 | _aRichmond, Bettina. | |
| 245 | 1 | 2 |
_aA discrete transition to advanced mathematics / _cBettina Richmond, Thomas Richmond. |
| 260 |
_aBelmont, CA : _bThomson/Brooks/Cole, _cc2004. |
||
| 300 |
_avii, 424 p. : _bill. (some col.) ; _c25 cm. |
||
| 504 | _aIncludes bibliographical references (p. 419-420) and index. | ||
| 650 | 0 | _aMathematics. | |
| 700 | 1 | _aRichmond, Thomas. | |
| 906 |
_a7 _bcbc _corignew _d3 _eepcn _f20 _gy-gencatlg |
||
| 942 |
_2lcc _cLL |
||
| 999 |
_c46 _d46 |
||